تز کرہ صو فیا ء بہار / (Record no. 197348)

MARC details
000 -LEADER
fixed length control field 00638nam a22001937a 4500
005 - DATE AND TIME OF LATEST TRANSACTION
control field 20230822121116.0
010 ## - LCCN (DPL NO)
LC control number UR-12150
020 ## - INTERNATIONAL STANDARD BOOK NUMBER
International Standard Book Number 9789395400664
Terms of availability 600.00
035 ## - SYSTEM CONTROL NUMBER
System control number U-10705
037 ## - SOURCE OF ACQUISITION
Source of stock number/acquisition DBAD/PUB
082 ## - DEWEY DECIMAL CLASSIFICATION NUMBER
Classification number 954.53
100 ## - MAIN ENTRY--PERSONAL NAME
Personal name حفظ الرحمان
245 ## - TITLE STATEMENT
Title تز کرہ صو فیا ء بہار /
Statement of responsibility, etc حفظ الرحمان
246 ## - VARYING FORM OF TITLE
Title proper/short title Tazkirah-E-Sufiya-E-Bihar /
Remainder of title by Hifzur Rahman
260 ## - PUBLICATION, DISTRIBUTION, ETC. (IMPRINT)
Place of publication, distribution, etc New Delhi
Name of publisher, distributor, etc Educational Publishing House
Date of publication, distribution, etc 2023 ء
270 ## - ADDRESS
Address H.o. D1/16, Ansari Road, Darya Ganj
City New Delhi
Postal code 110002
300 ## - PHYSICAL DESCRIPTION
Extent 442 ص
Dimensions 23cm(Hb)
942 ## - ADDED ENTRY ELEMENTS (KOHA)
Source of classification or shelving scheme Dewey Decimal Classification
Item type Urdu Bks
Call number suffix ح ف ظ
Edition
Classification part 954.53
Holdings
Withdrawn status Lost status Not for loan Collection code Home library Current library Date acquired Source of acquisition Cost, normal purchase price Full call number Barcode Copy number Cost, replacement price Koha item type
      Non-fiction Kadipur Kadipur 22/08/2023 DBAD/PUB 600.00 954.53 ح ف ظ U-10705 1 600.00 Urdu Bks

© Delhi Public Library
Hit Counter
free hit counter